000 00247nam a2200097Ia 4500
008 240331s9999 xx 000 0 und d
082 _a200.042
_bARE
100 _aSister in Islam,. ed
245 0 _aAre Muslim Men Allowed to Beat There Wives
942 _cL
999 _c784
_d784